000 00449pab a2200145 454500
008 180718b1989 xxu||||| |||| 00| 0 eng d
100 _aWettenhall, Roger
245 _aThe emergence of public enterprise peak organisations
_bFilling a gap in government enterprise relations
260 _c1989
300 _a381-400
362 _aSept.
650 _aGovernment Enterprise
773 _aInternational Review of Administration Sciences
909 _a9206
999 _c9206
_d9206